<?xml version="1.0" encoding="UTF-8"?>
<record
    xmlns:xsi="http://www.w3.org/2001/XMLSchema-instance"
    xsi:schemaLocation="http://www.loc.gov/MARC21/slim http://www.loc.gov/standards/marcxml/schema/MARC21slim.xsd"
    xmlns="http://www.loc.gov/MARC21/slim">

  <leader>03772nam a22002177a 4500</leader>
  <controlfield tag="003">CUTN</controlfield>
  <controlfield tag="005">20250609142202.0</controlfield>
  <controlfield tag="008">250609b        |||||||| |||| 00| 0 eng d</controlfield>
  <datafield tag="020" ind1=" " ind2=" ">
    <subfield code="a">9789384726850</subfield>
  </datafield>
  <datafield tag="041" ind1=" " ind2=" ">
    <subfield code="a">English</subfield>
  </datafield>
  <datafield tag="082" ind1=" " ind2=" ">
    <subfield code="a">539</subfield>
    <subfield code="b">PAT</subfield>
  </datafield>
  <datafield tag="100" ind1=" " ind2=" ">
    <subfield code="a">Patil. S.H</subfield>
  </datafield>
  <datafield tag="245" ind1=" " ind2=" ">
    <subfield code="a">Elements of Modern Physics /</subfield>
    <subfield code="c">S.H. Patil </subfield>
  </datafield>
  <datafield tag="260" ind1=" " ind2=" ">
    <subfield code="a">India :</subfield>
    <subfield code="b">Ane Books ,</subfield>
    <subfield code="c">2022.</subfield>
  </datafield>
  <datafield tag="300" ind1=" " ind2=" ">
    <subfield code="a">432p. :</subfield>
    <subfield code="b">ill ;</subfield>
  </datafield>
  <datafield tag="505" ind1=" " ind2=" ">
    <subfield code="a">Special Theory of Relativity:

Inertial Frames of Reference
Galilean Transformations
Velocity of Light
Postulates of Special Relativity
Lorentz Transformations
Simultaneity and Time Dilation
Length Contraction
Transformation of Velocities
Lorentz Four-Vectors
Energy-Momentum Four-Vector and Relativistic Dynamics
Electromagnetic Interaction
Zero-Mass Particles and Doppler Shift
Introduction to Quantum Ideas:

Black-Body Radiation
Photoelectric Effect
Compton Effect
Wave Nature of Particles
Atomic Spectra
Nuclear Model of the Atom
Bohr Model
Elements of Quantum Theory:

The Wave Function
Postulates of Quantum Mechanics
Properties of Observables and Wave Functions
Free Particle
Wave Packet and the Uncertainty Principle
Step Potential
Particle in a Box
Simple Harmonic Oscillator
Small Perturbations
Angular Momentum
The One-Electron Atom:

Solutions of the Schr&#xF6;dinger Equation
Electron Spin
Total Angular Momentum
Fine Structure of One-Electron Atomic Spectra
Hyperfine Structure
Examples of One-Electron Atoms
Schr&#xF6;dinger Equation for Spin 1/2 Particles
Dirac Equation
Atoms and Molecules:

Exchange Symmetry of Wave Functions
Shells and Subshells in Atoms
Periodic Table
Atomic Spectra
X-ray Spectra
Molecular Bonding
Molecular Spectra
Interaction with External Fields:

The Hamiltonian
Atoms in a Magnetic Field
Interaction with Radiation
Spontaneous Transitions
Lasers and Masers
Applications of Lasers
Some Experimental Methods
Quantum Statistics:

Distinguishable Arrangements
Statistical Distributions
Applications of Maxwell-Boltzmann Distribution
Applications of Bose-Einstein Distribution
Applications of Fermi-Dirac Distribution
Superconductivity
Solid State Physics:

Binding Forces in Solids
Crystal Structures
Band Theory of Solids
Semiconductors
Semiconductor Devices
Magnetic Properties
Dielectric Properties
The Nucleus:

Properties of the Nucleus
Nuclear Forces
Models of the Nucleus
Weizsacker's Mass Formula
Nuclear Stability
Nuclear Reactions
Fission Reactors
Thermonuclear Fusion
Elementary Particles:

Elementary Particles (Overview)
Strong Interaction
Electromagnetic Interaction
Weak Interaction
Unified Approach
Production and Detection of Particles
General Relativity and Cosmology:

Introduction to General Relativity
Cosmological Models</subfield>
  </datafield>
  <datafield tag="520" ind1=" " ind2=" ">
    <subfield code="a">It is a comprehensive textbook designed to introduce students to the fundamental concepts and applications of contemporary physics. The book emphasizes a logical development of the subject matter, aiming for rigor in analytical discussions while maintaining a concise and lucid presentation. It covers essential topics of modern physics, including special relativity, quantum theory, and their applications to various systems like atoms, molecules, solids, and nuclei. The text also delves into more specialized areas such as elementary particles, general relativity, and cosmology. To aid learning, the book includes numerous worked examples and selected problems at the end of each chapter. It's considered highly useful for physics students and also ideal for engineering students studying core physics courses due to its detailed coverage and pedagogical approach.</subfield>
  </datafield>
  <datafield tag="650" ind1=" " ind2=" ">
    <subfield code="a">Modern Physics</subfield>
  </datafield>
  <datafield tag="650" ind1=" " ind2=" ">
    <subfield code="a">Elements of modern Physics</subfield>
  </datafield>
  <datafield tag="942" ind1=" " ind2=" ">
    <subfield code="2">ddc</subfield>
    <subfield code="c">BOOKS</subfield>
  </datafield>
  <datafield tag="999" ind1=" " ind2=" ">
    <subfield code="c">44661</subfield>
    <subfield code="d">44661</subfield>
  </datafield>
  <datafield tag="952" ind1=" " ind2=" ">
    <subfield code="0">0</subfield>
    <subfield code="1">0</subfield>
    <subfield code="2">ddc</subfield>
    <subfield code="4">0</subfield>
    <subfield code="7">0</subfield>
    <subfield code="8">NFIC</subfield>
    <subfield code="a">CUTN</subfield>
    <subfield code="b">CUTN</subfield>
    <subfield code="c">500</subfield>
    <subfield code="d">2025-06-09</subfield>
    <subfield code="l">0</subfield>
    <subfield code="o">539 PAT</subfield>
    <subfield code="p">51630</subfield>
    <subfield code="r">2025-06-09 14:22:38</subfield>
    <subfield code="w">2025-06-09</subfield>
    <subfield code="y">BOOKS</subfield>
  </datafield>
  <datafield tag="952" ind1=" " ind2=" ">
    <subfield code="0">0</subfield>
    <subfield code="1">0</subfield>
    <subfield code="2">ddc</subfield>
    <subfield code="4">0</subfield>
    <subfield code="7">0</subfield>
    <subfield code="8">NFIC</subfield>
    <subfield code="a">CUTN</subfield>
    <subfield code="b">CUTN</subfield>
    <subfield code="c">500</subfield>
    <subfield code="d">2025-07-03</subfield>
    <subfield code="l">0</subfield>
    <subfield code="o">539 PAT</subfield>
    <subfield code="p">51363</subfield>
    <subfield code="r">2025-07-03 11:18:58</subfield>
    <subfield code="w">2025-07-03</subfield>
    <subfield code="y">BOOKS</subfield>
  </datafield>
</record>
